000 00370nam a2200145 i 4500
001 bg
100 1 _aDYSKANT, Józef Wiesław
245 0 _aKonflikty i zbrojenia morskie 1918-39 /
_cJ.W. Dyskant.
260 _aGdańsk,
_c1983.
040 _cBPK
041 _apol
080 _a94:355.4(100):359(100)]"19"
942 _cKS
008 s pl f |000 0 pol
999 _c22233
_d22233
856 _uhttp://koha.tu.koszalin.pl/cgi-bin/koha/opac-detail.pl?biblionumber=22233
_yKatalog online BPK